| Поле | Инд. | ПП | Название | Значение |
|---|---|---|---|---|
| Тип записи | a | |||
| Библиографический уровень | m | |||
| 001 | _ | Контрольный номер | RU\infra-m\znanium\bibl\345097 | |
| 005 | _ | Дата корректировки | 20250915104227.8 | |
| 008 | Кодируемые данные | 200221s2012 RU g rus u | ||
| 020 | a | ISBN | 5-7164-0541-X | |
| 040 | a | Служба первич. каталог. | Общество с ограниченной ответственностью «ЗНАНИУМ» | |
| 041 | a | Код языка текста | rus | |
| 044 | a | Код страны публикации | RU | |
| 084 | 2 | Источник индекса | okso | |
| a | Индекс другой классификации/Индекс ББК | 20.04.01 | ||
| 084 | 2 | Источник индекса | okso | |
| a | Индекс другой классификации/Индекс ББК | 20.03.01 | ||
| 084 | 2 | Источник индекса | okso | |
| a | Индекс другой классификации/Индекс ББК | 19.03.01 | ||
| 100 | 1_ | a | Автор | Кураков Александр Васильевич |
| q | Полное имя | Александр Васильевич | ||
| 245 | a | Заглавие | Биоиндикация и реабилитация экосистем при нефтяных загрязнениях. | |
| b | Продолж. заглавия | Монография | ||
| 250 | a | Основные сведения об издании | 1 | |
| 260 | a | Место издания | Москва | |
| b | Издательство | Издательство "Графикон" | ||
| c | Дата издания | 2006 | ||
| 300 | a | Объем | 336 с. | |
| 520 | a | Аннотация | В книге с экологических позиций рассмотрено влияние нефтяных загрязнений на наземные и водные экосистемы. Особое внимание уделено влиянию нефти и нефтепродуктов на водные (фитопланктон, зоопланктон, бентос, рыб), почвенные (микроорганизмы, водоросли, животные) организмы. Рассмотрена роль микроорганизмов в деградации нефтяных загрязнений. Большой раздел посвящен системе контроля и мониторинга за состоянием водных и наземных экосистем, приведены методы и экономические затраты. Предложены биотехнологические методы и подходы при рекультивации и восстановлении нарушенных экосистем. Книга предназначена для студентов и преподавателей вузов, научных работников, учителей, специалистов-экологов. Рис. 13, табл. 21 , библиогр. 564 назв. | |
| 521 | a | Примеч. о целев. назн. | ВО - Магистратура | |
| 650 | a | Основная рубрика | Науки о Земле. Экология | |
| x | Основная подрубрика | Отраслевая и прикладная экология | ||
| 700 | 1_ | a | Другие авторы | Ильинский В. В. |
| 852 | x | Примечание, не предназначенное для пользователя | znanium2022 | |
| 856 | 4_ | a | Имя сервера/домена | znanium.com |
| m | Помощь | ebs_support@infra-m.ru | ||
| n | Местонахождение сервера | НИЦ ИНФРА-М | ||
| u | URL | http://znanium.com/catalog/document?id=223710 | ||
| z | Примечание для пользователя | Участвует в КО | ||
| 856 | 41 | a | Имя сервера/домена | znanium.com |
| d | Путь | /cover/0345 | ||
| f | Электронное имя | 345097.jpg | ||
| q | Тип электронного формата | image/jpeg | ||
| u | URL | https://znanium.com/cover/0345/345097.jpg |